Cal saber encaixar / (Record no. 188886)
[ view plain ]
| 000 -LEADER | |
|---|---|
| campo de control de longitud fija | 00642nam a2200193 i 4500 |
| 001 - NÚMERO DE CONTROL | |
| campo de control | 188886 |
| 003 - IDENTIFICADOR DE NÚMERO DE CONTROL | |
| campo de control | ES-MaACL |
| 005 - FECHA Y HORA DE LA ÚLTIMA TRANSACCIÓN | |
| campo de control | 20250522203634.0 |
| 008 - DATOS DE LONGITUD FIJA--INFORMACIÓN GENERAL | |
| campo de control de longitud fija | 190221s1965 sp |||| | cat d |
| 100 0# - ENTRADA PRINCIPAL--NOMBRE DE PERSONA | |
| Nombre de persona | Ellin, Stanley. |
| 9 (RLIN) | 47026 |
| 245 10 - MENCIÓN DEL TÍTULO | |
| Título | Cal saber encaixar / |
| Mención de responsabilidad, etc. | Stanley Ellin ; [traducció de Ramon Folch i Camarasa]. |
| 260 ## - PUBLICACIÓN, DISTRIBUCIÓN, ETC. | |
| Lugar de publicación, distribución, etc. | Barcelona : |
| Nombre del editor, distribuidor, etc. | Ediciones 62, |
| Fecha de publicación, distribución, etc. | [1965] |
| 300 ## - DESCRIPCIÓN FÍSICA | |
| Extensión | 113 p. ; |
| Dimensiones | 18 cm. |
| 490 1# - MENCIÓN DE SERIE | |
| Mención de serie | Col·lecció "La Cua de Palla" ; |
| Designación de volumen o secuencia | 26 |
| 700 1# - ENTRADA AGREGADA--NOMBRE PERSONAL | |
| Nombre de persona | Folch i Camarasa, Ramon, |
| Fechas asociadas al nombre | 1926- |
| 9 (RLIN) | 51450 |
| 830 0# - PUNTO DE ACCESO ADICIONAL DE SERIE-TÍTULO UNIFORME | |
| Título uniforme | Col·lecció "La Cua de Palla" ; |
| Designación de volumen o secuencia | 26 |
| 9 (RLIN) | 193174 |
| 852 ## - LOCALIZACIÓN | |
| Ubicación | ES-MaACL |
| Número de control de estantería | P-507-Bis-23 |
| Estatus retirado | Estado de pérdida | Estado de daño | No para préstamo | Biblioteca de origen | Biblioteca actual | Ubicación en estantería | Fecha de adquisición | Fuente de adquisición | Total de préstamos | Signatura topográfica completa | Código de barras | Visto por última vez | Precio de reemplazo | Tipo de ítem Koha |
|---|---|---|---|---|---|---|---|---|---|---|---|---|---|---|
| Biblioteca del Ateneo de Madrid | Biblioteca del Ateneo de Madrid | Depósito 2 | 21/02/2019 | P-507-Bis-23 | 1200023 | 23/02/2023 | 23/02/2023 | Libro impreso |
